|
|
|
|
| LEADER |
02096nam a2200433 a 4500 |
| 001 |
EBC3116698 |
| 003 |
MiAaPQ |
| 005 |
20200520144314.0 |
| 006 |
m o d | |
| 007 |
cr cn||||||||| |
| 008 |
081113s2009 couac sb 001 0 eng d |
| 010 |
|
|
|z 2008047648
|
| 020 |
|
|
|z 1583216081
|
| 020 |
|
|
|z 9781583216088
|
| 020 |
|
|
|a 9781613000861 (electronic bk.)
|
| 035 |
|
|
|a (MiAaPQ)EBC3116698
|
| 035 |
|
|
|a (Au-PeEL)EBL3116698
|
| 035 |
|
|
|a (CaPaEBR)ebr10522353
|
| 035 |
|
|
|a (OCoLC)922966501
|
| 040 |
|
|
|a MiAaPQ
|c MiAaPQ
|d MiAaPQ
|
| 050 |
|
4 |
|a HD4456
|b .G754 2009
|
| 082 |
0 |
4 |
|a 363.6/10683
|2 22
|
| 100 |
1 |
|
|a Grigg, Neil S.
|
| 245 |
1 |
4 |
|a The water workforce
|h [electronic resource] :
|b recruiting & retaining high-performance employees /
|c Neil Grigg and Mary Zenzen.
|
| 246 |
3 |
|
|a Water workforce :
|b recruiting and retaining high-performance employees
|
| 250 |
|
|
|a 1st ed.
|
| 260 |
|
|
|a Denver, Colo. :
|b American Water Works Association,
|c c2009.
|
| 300 |
|
|
|a xvi, 228 p. :
|b ill., ports.
|
| 504 |
|
|
|a Includes bibliographical references and index.
|
| 505 |
0 |
|
|a Workforce challenges and strategies for success -- Jobs in water and wastewater utilities -- A strategic approach to workforce planning -- Utilities as employers of choice -- Organization change and workforce development -- Job analysis and position descriptions -- Recruiting and selecting your workforce -- Work planning and performance evaluation -- Learning organizations and knowledge management -- Training and development programs -- Employee retention -- Succession management -- Solutions for smaller utilities.
|
| 533 |
|
|
|a Electronic reproduction. Ann Arbor, MI : ProQuest, 2015. Available via World Wide Web. Access may be limited to ProQuest affiliated libraries.
|
| 650 |
|
0 |
|a Water utilities.
|
| 650 |
|
0 |
|a Labor supply.
|
| 650 |
|
0 |
|a Organizational learning.
|
| 650 |
|
0 |
|a Knowledge management.
|
| 655 |
|
4 |
|a Electronic books.
|
| 700 |
1 |
|
|a Zenzen, Mary.
|
| 710 |
2 |
|
|a ProQuest (Firm)
|
| 856 |
4 |
0 |
|u https://ebookcentral.proquest.com/lib/matrademy/detail.action?docID=3116698
|z Click to View
|